Những tín ngưỡng và kiêng kỵ trong sản xuất gốm ở Mường Chanh /

保存先:
書誌詳細
第一著者: Lê Sỹ Giáo.
その他の著者: Trần Diệu Anh.
フォーマット: 論文
言語:Vietnamese
主題:
タグ: タグ追加
タグなし, このレコードへの初めてのタグを付けませんか!
Thư viện lưu trữ: Thư viện Trường Đại học Đà Lạt
LEADER 00853nam a2200277 4500
001 DLU170180408
005 ##20170808
040 # # |a DLU  |b vie 
041 # # |a vie 
044 # # |a vn 
100 # # |a Lê Sỹ Giáo. 
245 # # |a Những tín ngưỡng và kiêng kỵ trong sản xuất gốm ở Mường Chanh /  |c Lê Sỹ Giáo, Trần Diệu Anh. 
653 # # |a Làng nghề truyền thống 
653 # # |a Mường Chanh 
653 # # |a Sản xuất gốm  
653 # # |a Tín ngưỡng 
700 # # |a Trần Diệu Anh. 
773 # # |t Dân tộc học  |g Số 6(189), 2014, tr. 42-47 
920 # # |a Phòng Tạp chí -- Trung tâm Thông tin - Thư viện Trường Đại học Đà Lạt 
900 # # |a True 
911 # # |a Nguyễn Thị Thu Phương 
925 # # |a G 
926 # # |a A 
927 # # |a BB 
980 # # |a Thư viện Trường Đại học Đà Lạt